000 01206nam a2200289 4500
003 EG-GICUC
005 20260121101216.0
008 251112s2002 ua ||||fr|||| 00| 0 ara d
040 _a EG-GICUC
_bara
_c EG-GICUC
_d EG-GICUC
_erda
041 0 _aara
082 0 4 _221
_a341.84
_bج ا . ت
092 0 4 _221
099 _aLaw1 12 341.84 ج ا . ت 2002
100 0 _aجابر سالم عبد الغفار عبد الجواد
_eمؤلف.
245 1 0 _aتنازع القوانين في مجال حوادث العمل/
_cجابر سالم عبد الغفار عبد الجواد
264 1 _aالقاهرة :
_bدار النهضة العربية،
_c2002 .
300 _a565 صفحة
_c24 سم
336 _2rda content
_atext
337 _2rda media
_aComputer
338 _2rda carrier
_aOnline Resource
504 _aيحتوي على ارجاعات ببليوجرافية يحتوي على قائمة بالمراجع
546 _aالنص أغلبه باللغة العربية مع بعض النصوص الفرنسية
650 1 _aتنازع القوانين
_xقانون دولي
856 4 0 _uhttps://fll.law.cu.edu.eg/fulltext/bks/B12-01327.pdf
905 _a75
942 _2ddc
_n0
_cBK
_e21
999 _c42953
_d42953